| 000 | 00574nam a2200205Ii 4500 | ||
|---|---|---|---|
| 001 | 19378 | ||
| 003 | CO-ViMGA | ||
| 008 | 241108s9999||||xx |||||||||||||| ||und|| | ||
| 040 |
_aCO-ViMGA _bspa _erda _cCO-ViMGA |
||
| 041 | 0 | _aspa | |
| 084 | _aN HUI2ju | ||
| 100 | 1 |
_aRoberto Cubillas _951766 |
|
| 245 | 1 | 0 | _aJuanita y el conejo perdido |
| 264 | 1 | _aBogotá, Colombia : Norma, 2015 | |
| 300 | _avolumen | ||
| 336 |
_atext _btxt _2rdacontent |
||
| 337 |
_aunmediated _bn _2rdamedia |
||
| 338 |
_avolume _bnc _2rdacarrier |
||
| 940 | _aidficha_siabuc: 19035. -- ficha_no_siabuc:19378 | ||
| 999 |
_c46521 _d46521 |
||